000
00331 a2200157 4500
001
187516
020
_a
85-262-8220-9
040
_c
Magnum
100
_a
Andrade, Telma GuimarĂ£es Castro
240
1
0
_a
Robin hood
_l
por
245
1
0
_a
Robin hood
300
_a
48
362
0
_a
2013
697
_a
LITERATURA INFANTO
942
_c
BK
999
_c
187516
_d
187516